Evaluación de riesgo de incendio y proposición de soluciones en las instalaciones del Colegio Vocacional Monseñor Sanabria
Gardado en:
| Autor Principal: | |
|---|---|
| Formato: | Libro |
| Publicado: |
[San José, Costa Rica]
2009
|
| Materias: | |
| Etiquetas: |
Engadir etiqueta
Sen Etiquetas, Sexa o primeiro en etiquetar este rexistro!
|
MARC
| LEADER | 00000nam a2200000Ia 4500 | ||
|---|---|---|---|
| 003 | 001275 | ||
| 005 | 20221231144052.0 | ||
| 008 | 140114s2009 cr a 000 ||s d | ||
| 040 | |c cru CEDI | ||
| 090 | |a TFG 5798 | ||
| 100 | |a Villalta Valdelomar, Ricardo |9 3985 | ||
| 245 | |a Evaluación de riesgo de incendio y proposición de soluciones en las instalaciones del Colegio Vocacional Monseñor Sanabria | ||
| 260 | |c 2009 |b [San José, Costa Rica] | ||
| 300 | |a 123, [104] hojas; ilustraciones a color, mapas color, planos (algunos a color) | ||
| 500 | |a Tesis (licenciatura en ingeniería civil)--Universidad de Costa Rica. Facultad de Ingeniería. Escuela de Ingeniería Civil | ||
| 650 | |x INCENDIOS |x MEDIDAS DE SEGURIDAD |x PREVENCION |x COLEGIO VOCACIONAL MONSEÑOR SANABRIA (DESAMPARADOS. SAN JOSE, COSTA RICA) |x INCENDIOS Y PREVENCION DEL FUEGO |x EVALUACION DE RIESGOS CONTRA INCENDIOS |x PERCEPCION DE RIESGOS |9 3986 | ||
| 942 | |c TFG | ||
| 999 | |c 16437 |d 16437 | ||
